Κατάλογος Βιβλιοθηκών Mediterranean College

Dukakis / The Man Who Should Be President (Record no. 5610)

MARC details
000 -LEADER
fixed length control field 01154cam a22002054a 4500
005 - ΗΜΕΡΟΜΗΝΙΑ ΚΑΙ ΩΡΑ ΤΕΛΕΥΤΑΙΑΣ ΕΝΗΜΕΡΩΣΗΣ
Πεδίο ελέγχου 20250605164217.0
008 - FIXED-LENGTH DATA ELEMENTS--GENERAL INFORMATION
Πεδίο ελέγχου σταθερού μήκους 250528s ||||||||||||||||||||||||d
035 ## - SYSTEM CONTROL NUMBER
System control number 20510
020 ## - ISBN
ISBN 380707020
040 ## - ΠΗΓΗ ΚΑΤΑΛΟΓΟΓΡΑΦΗΣΗΣ
Φορέας πρωτότυπης καταλογογράφησης MC Athens Campus Library
Γλώσσα καταλογογράφησης Ελληνικά, Μοντέρνα (1453-)
Modifying agency MC Athens Campus Library
Κανόνες περιγραφικής καταλογογράφησης AACR2
245 1# - ΤΙΤΛΟΣ ΚΑΙ ΔΗΛΩΣΗ ΥΠΕΥΘΥΝΟΤΗΤΑΣ
Τίτλος Dukakis / The Man Who Should Be President
260 ## - PUBLICATION, DISTRIBUTION, ETC.
Name of publisher, distributor, etc. Avon Books,
Date of publication, distribution, etc. 1987
300 ## - PHYSICAL DESCRIPTION
Extent 340
520 ## - SUMMARY, ETC.
Summary, etc. Prospectively, no one can know how an individual will behave and perform under the pressures of the office, but it is possible to suggest the probabilities. Preface, Introduction, Panagis Doukakis and Euterpe Boukis, The All American Boy, College Days, The First Campaign, The Insurgency, First Tests of the reformer, Early Successes, The Organizer, The Fading of the Old Guard, Mike Dukakis Should Be Governor, Ushering in the New Era, Lead Pipes and Meatcleavers, The Reformer Immobilized, Achievements of a Reform Government, Politics Denied and Virtue Unrewarded, The Out-of-office Campaign, Making Ammends, Going National, A New Path to the White House.
700 1# - ΠΡΟΣΘΕΤΗ ΑΝΑΓΡΑΦΗ--ΦΥΣΙΚΟ ΠΡΟΣΩΠΟ
Personal name Gaines Richard
9 (RLIN) 6499
700 1# - ΠΡΟΣΘΕΤΗ ΑΝΑΓΡΑΦΗ--ΦΥΣΙΚΟ ΠΡΟΣΩΠΟ
Personal name Segal Michael
9 (RLIN) 6500
942 ## - ADDED ENTRY ELEMENTS (KOHA)
Koha item type Books
Holdings
Τύπος τεκμηρίου Βιβλιοθήκη Τρέχουσα τοποθεσία Barcode Αριθμός εισαγωγής Ημερομηνία απόκτησης Ταξιθετικό σύμβολο Αριθμός αντιτύπου Κατάσταση απόσυρσης Κατάσταση χαμένου Κατάσταση κατεστραμμένου Μη δανεισμός Σύνολο δανεισμών Ημερομηνία τελευταίας εμφάνισης Η τιμή ισχύει από
Books MC Athens Campus Library MC Athens Campus Library 9780000056092 6988 05/06/2025 920 GAI 1           05/06/2025 05/06/2025

MC Athens Campus Library
Πατησίων 94 & Κοδριγκτώνος 13, 104 34
Πελλήνης 8 & Πατησίων 107, 112 51
Τ: +30 210 8899600

MC Thessaloniki Campus Library
Ίωνος Δραγούμη 21, 54625 | Ίωνος Δραγούμη 15, 54625
Τ: +30 2310 287779 – Τ: +30 2314 440300